Logo BPK

Biblioteka

Politechniki Koszalińskiej

Europa w pleistocenie : (Rekord nr 5958)

Szczegóły MARC
000 -ETYKIETA REKORDU
podpole kontrolne o stałej długości 00580nam a2200193 i 4500
001 - NUMER KONTROLNY REKORDU
pole kontrolne bg
020 ## - MIĘDZYNARODOWY ZNORMALIZOWANY NUMER KSIĄŻKI - ISBN
ISBN 8385636005
040 ## - ŹRÓDŁO KATALOGOWANIA
Instytucja, która utworzyła rekord BPK
041 ## - KOD JĘZYKA
Kod języka tekstu pol
080 ## - UNIWERSALNA KLASYFIKACJA DZIESIĘTNA - UKD
UKD 551.79:502](4)(07)
920 ## - Międzynarodowy znormalizowany numer książki – ISBN
ISBN 83-85636-00-5
008 - POLE O STAŁEJ DŁUGOŚCI - DANE KONTROLNE
podpole kontrolne o stałej długości s pl f |000 0 pol
100 1# - NAZWA OSOBOWA
Nazwa osobowa MOJSKI, Edward Józef
245 #0 - TYTUŁ/ODPOWIEDZIALNOŚĆ
Tytuł Europa w pleistocenie :
Ciąg dalszy tytułu ewolucja środowiska przyrodniczego /
Pozostałe elementy strefy tytułu i oznaczenia odpowiedzialności Edward Józef Mojski.
260 ## - STREFA ADRESU WYDAWNICZEGO
Miejsce wydania Warszawa :
Nazwa wydawcy/dystrybutora Wydaw. PAE [Polskiej Agenci Ekologicznej],
Data publikacji, dystrybucji/powstania dokumentu 1993.
300 ## - STREFA OPISU FIZYCZNEGO
Objętość 332, [1] s. :
Inne cechy fizyczne mapy, rys. ;
Rozmiary 24 cm.
504 ## - UWAGA DOTYCZĄCA BIBLIOGRAFII
Informacje o bibliografii Bibliogr. s. 287-311.
856 ## - LOKALIZACJA I DOSTĘP DO ELEKTRONICZNYCH DOKUMENTÓW ZDALNYCH
Link (URL) http://koha.tu.koszalin.pl/cgi-bin/koha/opac-detail.pl?biblionumber=5958
Tekst linku Katalog online BPK
942 ## - DODATKOWE ELEMENTY (KOHA)
Typ dokumentu Książka
Egzemplarze
Wycofany Status egzemplarza Uszkodzony Dostępność Lokalizacja stała Lokalizacja bieżąca Miejsce przechowywania Sygnatura Kod kreskowy Typ dokumentu
      Dostępny Biblioteka Politechniki Koszalińskiej Biblioteka Politechniki Koszalińskiej Wypożyczalnia BG P 45767 01303841 Książka
© 2023 Biblioteka Politechniki Koszalińskiej :: KOHA